| 000 | 00551nam a22001457a 4500 | ||
|---|---|---|---|
| 008 | 230609b |||||||| |||| 00| 0 eng d | ||
| 040 |
_aNational Science Library _cNational Science Library |
||
| 080 |
_a621.039.58 _bL6 |
||
| 245 |
_aMeasurements for the safe use of radiation _c/ Proceedings of an NBS 75th anniversary symposium.................................1-4 March, 1976 |
||
| 260 |
_aWashington: _bUS Department of Commerce, _c1976 |
||
| 300 | _axv, 450p. | ||
| 650 | _aProceedings | ||
| 700 | _aFivozinsky, Sherman P (Ed.) | ||
| 942 |
_2udc _cPR |
||
| 999 |
_c41797 _d41797 |
||